LEADER 02368nam 22004575 450 001 9910494609203321 005 20211022024805.0 010 $a0-520-96606-6 024 7 $a10.1525/9780520966062 035 $a(CKB)3710000000768619 035 $a(EBL)4700078 035 $a(MiAaPQ)EBC4700078 035 $a(DE-B1597)518850 035 $a(OCoLC)945586119 035 $a(DE-B1597)9780520966062 035 $a(EXLCZ)993710000000768619 100 $a20200424h20162016 fg 0 101 0 $aeng 135 $aurnn#---|u||u 181 $2rdacontent 182 $2rdamedia 183 $2rdacarrier 200 10$aMaking Money, Making Music $eHistory and Core Concepts /$fDavid Bruenger 210 1$aBerkeley, CA :$cUniversity of California Press,$d[2016] 210 4$dİ2016 215 $a1 online resource (301 p.) 300 $aDescription based upon print version of record. 320 $aIncludes bibliographical references and index. 327 $tFront matter --$tContents --$tIntroduction --$t1. Musical Experience as Transaction --$t2. Transience to Permanence --$t3. The Rise of Commercial Markets --$t4. Media Revolutions --$t5. Convergence and Crossover --$t6. Massification --$t7. Scaling and Selling Live Performance --$t8. Visual Media --$t9. Artists, Audiences, and Brands --$t10. Digitization --$t11. State of the Art --$tNotes --$tBibliography --$tIndex 330 $aMaking Money, Making Music offers tools to encourage creative and adaptive entrepreneurship in the music business. Written for the classroom and the workplace, it introduces readers to core principles and processes and shows how to apply them adaptively to new contexts, facilitating a deeper understanding of how and why things work in the music business. By applying essential concepts to a variety of real-life situations, readers improve their capacity to critically analyze and solve problems and to predict where music and money will converge in a rapidly evolving culture and marketplace. 606 $aMusic trade 608 $aElectronic books. 615 0$aMusic trade. 676 $a780.23/73 700 $aBruenger$b David$4aut$4http://id.loc.gov/vocabulary/relators/aut$01057260 801 0$bDE-B1597 801 1$bDE-B1597 906 $aBOOK 912 $a9910494609203321 996 $aMaking Money, Making Music$92492407 997 $aUNINA LEADER 03032oam 2200925zu 450 001 9910698279803321 005 20251017110110.0 035 $a(CKB)3450000000002046 035 $a(SSID)ssj0000620921 035 $a(PQKBManifestationID)11389439 035 $a(PQKBTitleCode)TC0000620921 035 $a(PQKBWorkID)10612854 035 $a(PQKB)22779594 035 $a(WaSeSS)Innodata00030809 035 $a(OCoLC)70125408 035 $a(DNLM)1282797 035 $a(EXLCZ)993450000000002046 100 $a20160829d2006 uy 101 0 $aeng 135 $aur||||||||||| 181 $ctxt 182 $cc 183 $acr 200 00$aB vitamins and berries and age-related neurodegenerative disorders 210 31$a[Place of publication not identified]$cU S Dept of Health and Human Services Agency for Healthcare Research and Quality$d2006 215 $a1 online resource 225 1 $aEvidence Reports/Technology Assessments ;$vno. 134 225 1 $aAHRQ publication ;$vno. 06-E008 300 $aBibliographic Level Mode of Issuance: Monograph 320 $aIncludes bibliographical references. 410 0$aEvidence report/technology assessment ;$vno. 134. 410 0$aAHRQ publication ;$vno. 06-E008. 606 $aFood 606 $aVitamins 606 $aPlant Components, Aerial 606 $aNervous System Diseases 606 $aFood and Beverages 606 $aDisease 606 $aMicronutrients 606 $aPlant Structures 606 $aAnatomy 606 $aTechnology, Industry, and Agriculture 606 $aGrowth Substances 606 $aPhysiological Effects of Drugs 606 $aPharmacologic Actions 606 $aChemical Actions and Uses 606 $aVitamin B Complex 606 $aFruit 606 $aNeurodegenerative Diseases 606 $aPsychiatry$2HILCC 606 $aHealth & Biological Sciences$2HILCC 606 $aPsychiatric Disorders, Individual$2HILCC 615 2$aFood. 615 2$aVitamins. 615 2$aPlant Components, Aerial. 615 2$aNervous System Diseases. 615 2$aFood and Beverages. 615 2$aDisease. 615 2$aMicronutrients. 615 2$aPlant Structures. 615 2$aAnatomy. 615 2$aTechnology, Industry, and Agriculture. 615 2$aGrowth Substances. 615 2$aPhysiological Effects of Drugs. 615 2$aPharmacologic Actions. 615 2$aChemical Actions and Uses. 615 2$aVitamin B Complex. 615 2$aFruit. 615 2$aNeurodegenerative Diseases. 615 7$aPsychiatry 615 7$aHealth & Biological Sciences 615 7$aPsychiatric Disorders, Individual 702 $aBalk$b Ethan 712 02$aUnited States Department of Health and Human Services 712 02$aUnited States Agency for Healthcare Research and Quality 801 0$bPQKB 906 $aBOOK 912 $a9910698279803321 996 $aB vitamins and berries and age-related neurodegenerative disorders$93119400 997 $aUNINA